Una ley de derechos vivientes y otros escritos /

Bibliographic Details
Main Author: Douglas, William O. (William Orville), 1898-1980 (Author)
Other Authors: Infantino, Marta (contributor agent of text.), Peña Neira, Sergio (contributor agent of text.), Agurto Gonzáles, Carlos Antonio (Editor), Quequejana Mamani, Sonia Lidia (Editor), Choque Cuenca, Benigno (Editor)
Format: Electronic eBook
Language:Spanish
English
Published: Santiago, Chile : Ediciones Olejnik, [2018]
Series:Biblioteca de derecho público.
Subjects:
Online Access:Digitalia Hispánica

MARC

LEADER 00000nam a2200000Ii 4500
001 DIGOLEJNK0970
003 NyNyDIG
006 m o d
007 cr |||||||||||
008 221022s2018 cl ob 000 0 spa d
035 |a (OCoLC)1350507127 
040 |a DGITA  |b eng  |e rda  |e pn  |c DGITA 
020 |z 9789563920994 
041 1 |a spa  |h eng 
043 |a n-us--- 
050 1 4 |a KF4750 ebook 
100 1 |a Douglas, William O.  |q (William Orville),  |d 1898-1980,  |e author. 
240 1 0 |a Living Bill of rights.  |l Spanish 
245 1 4 |a Una ley de derechos vivientes y otros escritos /  |c William O. Douglas ; prólogo, Marta Infantino ; estudio preliminar, Dr. Sergio Peña Neira ; edición al cuidado de Carlos Antonio Agurto Gonzáles, Sonia Lidia Quequejana Mamani, Benigno Choque Cuenca. 
264 1 |a Santiago, Chile :  |b Ediciones Olejnik,  |c [2018] 
300 |a 1 online resource. 
336 |a text  |b txt  |2 rdacontent 
337 |a computer  |b c  |2 rdamedia 
338 |a online resource  |b cr  |2 rdacarrier 
347 |a text file  |2 rdaft 
347 |b PDF 
490 1 |a Biblioteca de derecho público 
504 |a Includes bibliographical references. 
588 0 |a Online resource; title from PDF title page (Digitalia, viewed October 22, 2022) 
610 1 0 |a United States.  |t Constitution.  |n 1st-10th Amendments. 
650 0 |a Civil rights  |z United States. 
655 0 |a Electronic books. 
700 1 |a Infantino, Marta,  |e contributor agent of text. 
700 1 |a Peña Neira, Sergio,  |e contributor agent of text. 
700 1 |a Agurto Gonzáles, Carlos Antonio,  |e editor. 
700 1 |a Quequejana Mamani, Sonia Lidia,  |e editor. 
700 1 |a Choque Cuenca, Benigno,  |e editor. 
700 1 |i Translation of:  |a Douglas, William O.  |q (William Orville),  |d 1898-1980.  |t Living Bill of rights. 
791 2 |a Digitalia (Firm),  |e distributor. 
793 0 |g Digitalia eBook Collection:  |a Ediciones Olejnik 
776 0 8 |i Print version:  |a Douglas, William O. (William Orville), 1898-1980.  |s Living Bill of rights. Spanish.  |t Ley de derechos vivientes y otros escritos.  |d Santiago, Chile : Ediciones Olejnik, 2018  |z 9789563920994 
830 0 |a Biblioteca de derecho público. 
856 4 0 |3 Digitalia Hispánica  |u https://www.digitaliapublishing.com/a/105034/ 
910 |a Premium collection: 2022